| 000 | 06099namaa22004451i 4500 | ||
|---|---|---|---|
| 003 | EG-GICUC | ||
| 005 | 20260510104700.0 | ||
| 008 | 260510s2023 ua a|||frm||| 000 0 eng d | ||
| 040 |
_aEG-GICUC _beng _cEG-GICUC _dEG-GICUC _erda |
||
| 041 | 0 |
_aeng _beng _bara |
|
| 049 | _aDeposit | ||
| 082 | 0 | 4 | _a616.99449 |
| 092 |
_a616.99449 _221 |
||
| 097 | _aM.Sc | ||
| 099 | _aCai01.19.06.Ph.D.2023.La.A | ||
| 100 | 0 |
_aLamiaa Hassan Abd-El Hamid Kassem, _epreparation. |
|
| 245 | 1 | 4 |
_aThe additive value of 3D automated breast ultrasound and contrast enhanced spectral mammography in assessment of Suspicious breast lesions / _cby Lamiaa Hassan Abd-El Hamid Kassem ; Supervised Dr. Noha Abd El-Shafy Elsaid, Dr. Mohammed Mohammed Gomaa, Dr. Ghada Mohamed Abd-El-Salam. |
| 246 | 1 | 5 | _a القيمة المضافة للموجات فوق الصوتية ثلاثية الأبعاد الآلي والأشعة الماموجرافي بعد الصبغة في تقييم إصابات الثدي المشتبه بها |
| 264 | 0 | _c2025. | |
| 300 |
_a123 pages : _billustrations ; _c25 cm. + _eCD. |
||
| 336 |
_atext _2rda content |
||
| 337 |
_aUnmediated _2rdamedia |
||
| 338 |
_avolume _2rdacarrier |
||
| 502 | _aThesis (Ph.D)-Cairo University, 2023. | ||
| 504 | _aBibliography: pages 109-121. | ||
| 520 | 3 | _aBackground: Worldwide, breast cancer is the most commonly diagnosed cancer among women accounting for over a million cases each year. Mammography still remains the gold standard for early detection of breast cancer, However, limitations exist So other techniques were added. Contrast Enhanced Spectral Mammography (CESM) allows better estimation of the lesion size and detection of multifocal breast cancers. Automated breast ultrasound (ABUS) is an innovation of breast ultrasound that attains 3-D images of the entire breast overcoming the limitations of hand-held ultrasound. Patients and Methods: The study had been done at the Female Imaging Unit of the National Cancer Institute (NCI), Cairo University and in Baheya Foundation. One hundred and six patients were randomly chosen out of patients who were initially given BIRADS IV – V by standard mammography. The contrast enhanced digital mammography and 3D automated ultrasound data were evaluated by two experienced radiologists; both observers were blinded to the pathological data of each patient. Results: Regarding primary oustcome of our study in assessment of tumor size ,extension and multiplicity,the use of ABUS after CESM showed significant increase in the senistivity of the test, with overall increased accuracy in detection of suspicious lesions . | |
| 520 | 3 | _aتعتمد خطة علاج مريضة سرطان الثدى على مرحلة المرض والتي بدورها تحدد عن طريق معرفة حجم الورم ومدى إنتشاره في الجسم وأيضا خصائصه البيولوجية المختلفة. كما يدخل عمر المريضة أيضا في الإعتبار عند تحديد إسلوب علاجها.و يستخدم التصوير الشعاعى للثدى بالإضافة إلى التصوير الشعاعى للثدى بالصبغة كإحدى وسائل تحديد مرحلة سرطان الثدى، ولكنهما يعرضان المريضة لمخاطر التعرض للإشعاع وأيضا لحدوث الأعراض الجانبية للصبغات المستخدمة أثناء الفحص.يعتبر التشخيص بالموجات فوق الصوتية مكملا للتشخيص بالتصوير الشعاعى للثدى. وتهدف الدراسة الحالية إلى مقارنة نتائج التصوير الشعاعى للثدى بالصبغة والموجات فوق الصوتية الآلية في معرفة حجم الورم و مدى إنتشاره الموضعى ووجود أكثر من بؤرة سرطانية في الثدى. وتتم مقارنة هذه النتائج بنتائج الفحص الباثولوجى الذى يتم بعد إجراء الجراحة المطلوبة كمجموعة ضابطة. وخلصت هذه الدراسة إلى أن يمكن استخدام الموجات فوق الصوتية الآلية كبديل للتصويرالشعاعى للثدى بالصبغة في تحديد مرحلة سرطان الثدى حيث أنه لا يحمل أى مخاطر للتعرض للإشعاع أو إستخدام الصبغات كما أنه سريع و سهل الإستخدام بطريقة غير تداخلية و لا يعتمد على طبيب الأشعة الذى يقوم باستخدامه. و إتضح أن نتائجه مماثلة للتصوير الشعاعى للثدى بالصبغة في تحديد حجم الورم كما أنه أكثر دقة في تقييم مدى الإنتشار الموضعى. إلا أن التصويرالشعاعى للثدى بالصبغة هو الأفضل في تحديد وجود أكثر من بؤرة سرطانية في الثدى المصاب. و لهذا فتوصى الدراسة بالإستخدام التكاملى للموجات فوق الصوتية الآلية و التصويرالشعاعى للثدى في الإكتشاف المبكر و في تحديد مرحلة إنتشار سرطان الثدى | |
| 530 | _aIssues also as CD. | ||
| 546 | _aText in English and abstract in Arabic & English. | ||
| 650 | 0 | _abreast cancer | |
| 650 | 0 | _aسرطان الثدي | |
| 653 | 1 |
_abreast cancer _aautomated ultrasound _acontrast enhanced mammography _asuspicious breast lesions _aسرطان الثدي _aالتصوير الآلي بالموجوات الفوق الصوتيه |
|
| 700 | 0 |
_aNoha Abd El-Shafy Elsaid _ethesis advisor. |
|
| 700 | 0 |
_aMohammed Mohammed Gomaa _ethesis advisor. |
|
| 700 | 0 |
_aGhada Mohamed Abd-El-Salam _ethesis advisor. |
|
| 900 |
_b01-01-2023 _cNoha Abd El-Shafy Elsaid _cMohammed Mohammed Gomaa _cGhada Mohamed Abd-El-Salam _UCairo University _FNational Cancer Institute _DDepartment of Radio-Diagnosis |
||
| 905 | _aShimaa | ||
| 942 |
_2ddc _cTH _e21 _n0 |
||
| 999 | _c180051 | ||